MARC

LEADER 00000nam0a2200000 4500
001 266068
005 20231101233954.0
035 |a (RuTPU)RU\TPU\book\289072 
090 |a 266068 
100 |a 20140702d1986 k y0rusy50 ca 
101 0 |a rus 
102 |a RU 
105 |a a z 001zy 
200 1 |a Проектирование систем стабилизации носителей космических аппаратов  |f Я. Е. Айзенберг, В. Г. Сухоребрый 
210 |a Москва  |c Машиностроение  |d 1986 
215 |a 224 с.  |c ил. 
320 |a Библиогр.: с. 215-218. 
606 1 |a Ракеты-носители  |x Динамика  |2 stltpush  |3 (RuTPU)RU\TPU\subj\23780  |9 48309 
610 1 |a проектирование 
610 1 |a системы стабилизации 
610 1 |a космические аппараты 
610 1 |a нелинейности 
610 1 |a алгоритмы 
610 1 |a случайные величины 
675 |a 629.764  |v 3 
700 1 |a Айзенберг  |b Я. Е.  |g Яков Ейнович 
701 1 |a Сухоребрый  |b В. Г.  |g Виктор Гаврилович 
801 1 |a RU  |b 63413507  |c 20140702 
801 2 |a RU  |b 63413507  |c 20161025  |g RCR 
942 |c BK